Recuperación de Gibraltar (Registro nro. 122466)

Detalles MARC
000 -LEADER
campo de control de longitud fija 00846nam a2200205 i 4500
001 - NÚMERO DE CONTROL
campo de control 122466
003 - IDENTIFICADOR DE NÚMERO DE CONTROL
campo de control ES-MaACL
005 - FECHA Y HORA DE LA ÚLTIMA TRANSACCIÓN
campo de control 20230906192001.0
007 - CAMPO FIJO DE DESCRIPCIÓN FÍSICA--INFORMACIÓN GENERAL
campo de control de longitud fija t|
008 - DATOS DE LONGITUD FIJA--INFORMACIÓN GENERAL
campo de control de longitud fija 070214s1917 sp r ||||1| spa d
100 1# - ENTRADA PRINCIPAL--NOMBRE DE PERSONA
Nombre de persona Primo de Rivera, Miguel,
Fechas asociadas al nombre 1870-1930
9 (RLIN) 154406
245 10 - MENCIÓN DEL TÍTULO
Título Recuperación de Gibraltar
Resto del título : Discursos leídos ante la Real Academia Hispano - Americana en la recepción pública del Sr. D. Miguel Primo de Rivera y Orbaneja el día 25 de marzo de 1917.
260 ## - PUBLICACIÓN, DISTRIBUCIÓN, ETC.
Lugar de publicación, distribución, etc. Madrid :
Nombre del editor, distribuidor, etc. [s. n.],
Fecha de publicación, distribución, etc. 1917 (
Fabricante Imp. de Manuel Alvarez)
300 ## - DESCRIPCIÓN FÍSICA
Extensión 65 p. ;
Dimensiones 22 cm.
594 ## - Nota al título y mención de responsabilidad
Nota al título y mención de responsabilidad En la cub.: Real Academia Hispano-Americana de Ciencias y Artes, Cádiz.
651 #4 - PUNTO DE ACCESO ADICIONAL DE MATERIA--NOMBRE GEOGRÁFICO
Nombre geográfico Gibraltar-
Subdivisión general Estatuto internacional.
9 (RLIN) 145548
710 00 - ENTRADA AGREGADA--NOMBRE DE ENTIDAD CORPORATIVA
Nombre de entidad corporativa o nombre de jurisdicción como elemento de entrada Real Academia Hispanoamericana (Cádiz)
9 (RLIN) 6343
852 ## - LOCALIZACIÓN
Ubicación ES-MaACL
Número de control de estantería 1532-F-2
Existencias
Estatus retirado Estado de pérdida Estado de daño No para préstamo Colección Biblioteca de origen Biblioteca actual Ubicación en estantería Fecha de adquisición Fuente de adquisición Total de préstamos Signatura topográfica completa Código de barras Visto por última vez Precio de reemplazo Tipo de ítem Koha
        Colección de folletos Biblioteca del Ateneo de Madrid Biblioteca del Ateneo de Madrid Depósito folletos 17/01/2008     1532-F-2 1127614 23/02/2023 23/02/2023 Folleto